| 000 | 00492nam a22001457a 4500 | ||
|---|---|---|---|
| 082 | _a005 | ||
| 100 | _aJaved, Bilal | ||
| 245 |
_aSecurity Architecture of Interconnected Smart Devices, An Analysis of Security Issues with Solution / _cBilal Javed |
||
| 260 |
_aIslamabad : _bMCS - NUST, _c2017. |
||
| 300 |
_a122 p. ; _c30cm. |
||
| 650 |
_aComputer Science-MS-Thesis _916114 |
||
| 700 |
_aDr. Imran Rashid _935026 |
||
| 942 |
_2ddc _cTHE |
||
| 999 |
_c541049 _d541049 |
||